000
00337nam a2200145Ia 4500
008
090124s9999 xx 000 0 und d
082
_b
202489
245
_a
FASTER AND FARTHER
250
_a
1
260
_b
ALI NAJABAT MIR
_c
1973
300
_a
79
630
_a
FASTER AND FARTHER
730
_a
FASTER AND FARTHER
942
_c
BOOK
999
_c
184070
_d
184070